| 000 | 00719nam a2200253 i 4500 | ||
|---|---|---|---|
| 001 | 126429 | ||
| 003 | ES-MaACL | ||
| 005 | 20230906192823.0 | ||
| 007 | t| | ||
| 008 | 070214s1935 fr r ||||1| fre d | ||
| 080 | _a929 Pilsudski, Józef | ||
| 080 | _a94(438)"1918/45" | ||
| 100 | 1 |
_aRecouly, Raymond. _995782 |
|
| 245 | 1 | 3 |
_aLa Pologne de Pilsudski / _cRaymond Recouly. |
| 250 | _a11ª ed. | ||
| 260 |
_aParis : _bEditions de France, _c1935. |
||
| 300 |
_a324 p. ; _c19 cm. |
||
| 490 | 1 | _aUn homme et un pays | |
| 600 | 1 | 4 |
_aPilsudski, Jozef. _992045 |
| 651 | 4 |
_aPolonia- _xHistoria- _y1918-1945. _9176191 |
|
| 830 | 1 |
_aUn homme et un pays _9219112 |
|
| 852 | 4 |
_aES-MaACL _jA-4216 |
|
| 999 |
_c126429 _d126429 |
||